[Event "Benidorm 2003 - sub2300"]
[Site "Benidorm ESP"]
[Date "2003.11.22"]
[Round "2.56"]
[White "Carrasco Sagredo, Manuel"]
[Black "Ibanez Terradellas, Eduardo"]
[Result "0-1"]
[WhiteElo "2086"]
[BlackElo "2257"]
[PlyCount "80"]
[EventDate "2003.11.21"]
[EventType "swiss"]
[EventRounds "9"]
[EventCountry "ESP"]
[Source "lmi"]
[SourceDate "2003.11.21"]

1. e4 d5 2. exd5 Qxd5 3. Nc3 Qa5 4. d4 Nf6 5. Nf3 Bf5 6. Bc4 e6 7. Qe2 c6 8.
Bd2 Bb4 9. Ne5 Nbd7 10. O-O-O Nxe5 11. dxe5 Nd7 12. g4 Bg6 13. f4 O-O-O 14.
Rhf1 Nb6 15. Bb3 Rhe8 16. a3 Bxa3 17. Nd5 Bb4 18. Bxb4 Qa1+ 19. Kd2 Qa6 20.
Qxa6 bxa6 21. c4 Be4 22. Ke3 exd5 23. c5 Na8 24. Ba4 Kb7 25. Ba5 Rd7 26. Rd4
Nc7 27. Rfd1 Rde7 28. Bxc7 Kxc7 29. Ra1 f6 30. exf6 gxf6 31. Kf2 Rb8 32. b4 a5
33. Bd1 axb4 34. Rxa7+ Kd8 35. Rxe7 Kxe7 36. Bb3 Rb5 37. f5 Rxc5 38. Rxb4 Kd6
39. g5 fxg5 40. f6 Rb5 0-1

[Event "Benidorm 2003 - sub2300"]
[Site "Benidorm ESP"]
[Date "2003.11.22"]
[Round "2.58"]
[White "Zurmely, Frank"]
[Black "Vilarnovo Caamano, Jose"]
[Result "1-0"]
[WhiteElo "2235"]
[BlackElo "2081"]
[PlyCount "75"]
[EventDate "2003.11.21"]
[EventType "swiss"]
[EventRounds "9"]
[EventCountry "ESP"]
[Source "lmi"]
[SourceDate "2003.11.21"]

1. e4 c5 2. Nf3 Nc6 3. Nc3 Nf6 4. Bb5 d6 5. O-O Bg4 6. h3 Bh5 7. Re1 Nd7 8. Nd5
Nd4 9. Bf1 Nxf3+ 10. gxf3 e6 11. Nf4 Qg5+ 12. Ng2 Qf6 13. Re3 a6 14. c3 Ne5 15.
Be2 g5 16. d4 Ng6 17. Qa4+ Ke7 18. e5 dxe5 19. Qa5 Qf5 20. dxe5 Nxe5 21. Qxc5+
Kf6 22. Qd4 Bc5 23. Qxc5 Nxf3+ 24. Rxf3 Bxf3 25. Qxf5+ exf5 26. Bxf3 f4 27.
Bxb7 Rad8 28. h4 h6 29. hxg5+ hxg5 30. b3 Kf5 31. Ba3 Rd3 32. Bc6 Rhd8 33. Re1
Kg4 34. c4 Kh3 35. Be7 Rg8 36. Be4 Rd2 37. c5 Kg4 38. c6 1-0

[Event "Benidorm 2003 - sub2300"]
[Site "Benidorm ESP"]
[Date "2003.11.22"]
[Round "2.59"]
[White "Tscharotschkin, Michael"]
[Black "Ridameya Tatche, Jose"]
[Result "1-0"]
[WhiteElo "2214"]
[BlackElo "2076"]
[PlyCount "117"]
[EventDate "2003.11.21"]
[EventType "swiss"]
[EventRounds "9"]
[EventCountry "ESP"]
[Source "lmi"]
[SourceDate "2003.11.21"]

1. e4 e5 2. Nf3 Nc6 3. d4 exd4 4. c3 d5 5. exd5 Qxd5 6. cxd4 Bb4+ 7. Nc3 Bg4 8.
Be2 Bxf3 9. Bxf3 Qc4 10. Bxc6+ bxc6 11. Qe2+ Qxe2+ 12. Kxe2 O-O-O 13. Be3 Nf6
14. Rac1 Rhe8 15. Kf3 Re6 16. Rhd1 Nd5 17. Nxd5 cxd5 18. Rd3 Rf6+ 19. Ke2 Re6
20. g3 f5 21. Kf3 Rh6 22. h4 Bd6 23. Rb3 f4 24. gxf4 Rf8 25. Rg1 Bxf4 26. Bxf4
Rhf6 27. Rxg7 Rxf4+ 28. Kg3 Rxf2 29. Rc3 R8f7 30. Rxf7 Rxf7 31. Rc6 h5 32. Rg6
Kd7 33. Rg5 Ke6 34. Re5+ Kd6 35. Rxh5 Rf1 36. Rh6+ Kd7 37. Ra6 Rd1 38. Ra4 Rd2
39. b3 Kd6 40. h5 Ke6 41. Kf4 Rf2+ 42. Kg5 Rg2+ 43. Kf4 Rf2+ 44. Ke3 Rh2 45.
Rxa7 Rxh5 46. Rxc7 Rh3+ 47. Kf4 Rh4+ 48. Ke3 Rh3+ 49. Kd2 Rh2+ 50. Kc3 Rxa2 51.
Rc6+ Kd7 52. Rh6 Re2 53. Rh3 Kc6 54. Kb4 Re6 55. Rh8 Rd6 56. Rc8+ Kb7 57. Re8
Rd7 58. Rh8 Rf7 59. Kc5 1-0

[Event "Benidorm 2003 - sub2300"]
[Site "Benidorm ESP"]
[Date "2003.11.22"]
[Round "2.60"]
[White "Vazquez Gonzalez, Jesus"]
[Black "Godlauskas, Kazys"]
[Result "0-1"]
[WhiteElo "2082"]
[BlackElo "2209"]
[PlyCount "46"]
[EventDate "2003.11.21"]
[EventType "swiss"]
[EventRounds "9"]
[EventCountry "ESP"]
[Source "lmi"]
[SourceDate "2003.11.21"]

1. e4 e6 2. Ne2 d5 3. e5 c5 4. d4 Nc6 5. c3 Qb6 6. b3 Bd7 7. Ba3 Nh6 8. g3 cxd4
9. Bxf8 Kxf8 10. Nxd4 Nxd4 11. cxd4 Nf5 12. Be2 Qxd4 13. Qxd4 Nxd4 14. Na3 f6
15. f4 fxe5 16. fxe5 Ke7 17. Kd2 Nc6 18. Rae1 Nxe5 19. Bd1 Kd6 20. Nc2 Rhf8 21.
Rhf1 Nc6 22. Bf3 e5 23. Kc1 Bh3 0-1

[Event "Benidorm 2003 - sub2300"]
[Site "Benidorm ESP"]
[Date "2003.11.22"]
[Round "2.61"]
[White "Sanchez Romero, Miguel A"]
[Black "Vea, Odin Blikra"]
[Result "1-0"]
[WhiteElo "2199"]
[BlackElo "2075"]
[PlyCount "65"]
[EventDate "2003.11.21"]
[EventType "swiss"]
[EventRounds "9"]
[EventCountry "ESP"]
[Source "lmi"]
[SourceDate "2003.11.21"]

1. d4 f5 2. Bg5 g6 3. Nc3 Bg7 4. e4 fxe4 5. Nxe4 d5 6. Ng3 c5 7. Nf3 Nc6 8. Bd3
Nxd4 9. Nxd4 Bxd4 10. c3 Bf6 11. h4 Qb6 12. Qc2 Bd7 13. Bxg6+ hxg6 14. Qxg6+
Kf8 15. O-O-O Bxg5+ 16. Qxg5 Nf6 17. Rhe1 Be6 18. Nf5 Bxf5 19. Qxf5 Rh5 20. Qg6
Qd8 21. g4 Rh7 22. g5 Qe8 23. Qf5 Qd7 24. Re6 Rf7 25. gxf6 d4 26. Qh5 Rxf6 27.
Rxf6+ exf6 28. Qh8+ Kf7 29. Qxa8 Qc7 30. Qxa7 Qf4+ 31. Rd2 Qe4 32. Qxc5 d3 33.
Qe3 1-0

[Event "Benidorm 2003 - sub2300"]
[Site "Benidorm ESP"]
[Date "2003.11.22"]
[Round "2.62"]
[White "Huerga Leache, Mikel"]
[Black "Andersen, Alf R"]
[Result "0-1"]
[WhiteElo "2081"]
[BlackElo "2192"]
[PlyCount "36"]
[EventDate "2003.11.21"]
[EventType "swiss"]
[EventRounds "9"]
[EventCountry "ESP"]
[Source "lmi"]
[SourceDate "2003.11.21"]

1. e4 c5 2. c3 d5 3. exd5 Qxd5 4. d4 g6 5. dxc5 Qxd1+ 6. Kxd1 Nf6 7. f3 Bg7 8.
Bf4 O-O 9. Bxb8 Rxb8 10. Bd3 Rd8 11. Kc2 Nd5 12. g3 Ne3+ 13. Kd2 Nc4+ 14. Kc2
Nxb2 15. Be4 Na4 16. c6 bxc6 17. Bxc6 Bf5+ 18. Kc1 Nxc3 0-1

[Event "Benidorm 2003 - sub2300"]
[Site "Benidorm ESP"]
[Date "2003.11.22"]
[Round "2.63"]
[White "Ercan, Mehmet Fahri"]
[Black "Guez, Fabien"]
[Result "1-0"]
[WhiteElo "2075"]
[BlackElo "2158"]
[PlyCount "113"]
[EventDate "2003.11.21"]
[EventType "swiss"]
[EventRounds "9"]
[EventCountry "ESP"]
[Source "lmi"]
[SourceDate "2003.11.21"]

1. d4 e6 2. c4 d5 3. Nc3 c5 4. cxd5 exd5 5. Nf3 Nc6 6. g3 Nf6 7. Bg2 Be7 8. O-O
O-O 9. Bg5 c4 10. b3 Qa5 11. Na4 Be6 12. Ne5 Rfd8 13. bxc4 Nxe5 14. Bd2 Qc7 15.
dxe5 Qxe5 16. Bf4 Qh5 17. c5 Bh3 18. f3 Bxg2 19. Kxg2 d4 20. Rc1 Qd5 21. Qb3
Rac8 22. Rfd1 Nh5 23. Bd2 Qe5 24. Qd3 Qe6 25. Rc2 g6 26. Rb1 Qc6 27. Qb5 Qe6
28. Bc1 Rd7 29. Qd3 Ng7 30. g4 h5 31. h3 hxg4 32. hxg4 Qe5 33. f4 Qe6 34. Qf3
Rcd8 35. Rb3 Qa6 36. Nb2 Rd5 37. Nd3 R5d7 38. Ra3 Qe6 39. Rxa7 f5 40. g5 Nh5
41. Rb2 Rc8 42. Rb6 Rc6 43. Raxb7 Rxb7 44. Rxb7 Bxc5 45. Ne5 Rc8 46. a4 Bd6 47.
Nd3 Rc2 48. Rb2 Rc8 49. a5 Ba3 50. Rb6 Bd6 51. Ba3 Rd8 52. Bxd6 Rxd6 53. Qa8+
Kh7 54. Rb7+ Ng7 55. Rb8 Qxe2+ 56. Nf2 Ne6 57. Rh8+ 1-0

[Event "Benidorm 2003 - sub2300"]
[Site "Benidorm ESP"]
[Date "2003.11.22"]
[Round "2.64"]
[White "Beitia Amador, Ernest"]
[Black "Alvarez Escudero, Manuel"]
[Result "1/2-1/2"]
[WhiteElo "2073"]
[BlackElo "2136"]
[PlyCount "34"]
[EventDate "2003.11.21"]
[EventType "swiss"]
[EventRounds "9"]
[EventCountry "ESP"]
[Source "lmi"]
[SourceDate "2003.11.21"]

1. e4 e5 2. Nf3 Nc6 3. Bc4 Be7 4. d4 exd4 5. Nxd4 Ne5 6. Bb3 d6 7. h3 a6 8. c3
Nf6 9. Bc2 c5 10. Nf3 O-O 11. O-O Bd7 12. Nbd2 Bc6 13. Re1 Nfd7 14. Nf1 Nxf3+
15. Qxf3 f5 16. Qe2 f4 17. f3 Ne5 1/2-1/2

[Event "Benidorm 2003 - sub2300"]
[Site "Benidorm ESP"]
[Date "2003.11.22"]
[Round "2.65"]
[White "Massa, Giovanni"]
[Black "Carlan, Ionut"]
[Result "0-1"]
[WhiteElo "2136"]
[BlackElo "2061"]
[PlyCount "46"]
[EventDate "2003.11.21"]
[EventType "swiss"]
[EventRounds "9"]
[EventCountry "ESP"]
[Source "lmi"]
[SourceDate "2003.11.21"]

1. e4 c5 2. Nf3 d6 3. d4 cxd4 4. Nxd4 Nf6 5. Nc3 a6 6. f3 b5 7. Be3 Bb7 8. Qd2
Nbd7 9. g4 Ne5 10. g5 Nfd7 11. f4 Nc4 12. Bxc4 bxc4 13. Nf3 e6 14. Bd4 Qc7 15.
O-O-O Rb8 16. Rhe1 Bc6 17. Qe2 e5 18. fxe5 dxe5 19. Nd5 Bxd5 20. exd5 f6 21.
gxf6 gxf6 22. Nd2 c3 23. Bxc3 Qxc3 0-1

[Event "Benidorm 2003 - sub2300"]
[Site "Benidorm ESP"]
[Date "2003.11.22"]
[Round "2.66"]
[White "Garcia Galeote, Lorenzo"]
[Black "Garcia Gata, Jorge David"]
[Result "0-1"]
[WhiteElo "2134"]
[BlackElo "2055"]
[PlyCount "160"]
[EventDate "2003.11.21"]
[EventType "swiss"]
[EventRounds "9"]
[EventCountry "ESP"]
[Source "lmi"]
[SourceDate "2003.11.21"]

1. d4 Nf6 2. c4 c5 3. d5 b5 4. cxb5 a6 5. b6 d6 6. Nc3 g6 7. a4 a5 8. Nf3 Bg7
9. e4 O-O 10. Be2 Na6 11. O-O Nb4 12. Bg5 Qxb6 13. Qd2 Ba6 14. Bxa6 Qxa6 15.
Rad1 Rab8 16. Rfe1 Rb7 17. e5 dxe5 18. Nxe5 Rd8 19. Qf4 Rf8 20. Qf3 Nc2 21. Qe2
Qxe2 22. Rxe2 Nd4 23. Red2 h6 24. Be3 Nxd5 25. Nf3 Nxf3+ 26. gxf3 Nxe3 27. fxe3
Bxc3 28. bxc3 Rb3 29. Rd7 Rxc3 30. Rxe7 Rc4 31. Rd5 Rc2 32. Rb7 c4 33. e4 c3
34. Rd3 Rc8 35. Rdd7 Rf8 36. e5 Re2 37. Kf1 Rxe5 38. Rbc7 Rh5 39. Kg2 Rh4 40.
Rxc3 Rxa4 41. Rcc7 Rf4 42. Kg3 Rf5 43. Ra7 Rb8 44. Rd3 Rb1 45. Ra3 Rbb5 46. Kg4
h5+ 47. Kg3 Kg7 48. Ra6 Kh6 49. h4 Rfc5 50. Ra4 Kg7 51. Ra3 Rf5 52. Rc6 Rb4 53.
Ra6 Rff4 54. R6xa5 Rxh4 55. Re3 Rhf4 56. Ra6 Rf5 57. Raa3 h4+ 58. Kh3 Rg5 59.
Ra1 Rg3+ 60. Kh2 Rb2+ 61. Kh1 Rgg2 62. f4 Rh2+ 63. Kg1 h3 64. Rg3 Rhg2+ 65.
Rxg2 Rxg2+ 66. Kh1 Rf2 67. Ra3 Rxf4 68. Rxh3 Rf2 69. Kg1 Ra2 70. Rb3 f5 71. Kf1
Kh6 72. Rg3 f4 73. Rb3 g5 74. Rc3 Kh5 75. Rb3 Kg4 76. Kg1 f3 77. Rb5 Kh4 78.
Rc5 g4 79. Rc4 Kg3 80. Rc1 Re2 0-1

[Event "Benidorm 2003 - sub2300"]
[Site "Benidorm ESP"]
[Date "2003.11.22"]
[Round "2.67"]
[White "Machin Arbelo, Pedro Alexis"]
[Black "Pons Servera, Cristobal"]
[Result "0-1"]
[WhiteElo "2064"]
[BlackElo "2133"]
[PlyCount "86"]
[EventDate "2003.11.21"]
[EventType "swiss"]
[EventRounds "9"]
[EventCountry "ESP"]
[Source "lmi"]
[SourceDate "2003.11.21"]

1. e4 d6 2. d4 Nf6 3. Nc3 g6 4. Be2 Bg7 5. Be3 c6 6. Qd2 b5 7. e5 dxe5 8. dxe5
Qxd2+ 9. Bxd2 Nfd7 10. f4 Nb6 11. Bf3 f6 12. Be3 Nc4 13. Bd4 fxe5 14. fxe5 O-O
15. Nxb5 Rxf3 16. Nc7 Rf4 17. O-O-O Na6 18. Nxa8 Bb7 19. Bxa7 Bxa8 20. Nh3 Rf8
21. Rd7 c5 22. Ng5 Bxg2 23. Rg1 Bxe5 24. Ne6 Bxb2+ 25. Kb1 Rf2 26. Rd8+ Kf7 27.
Rf8+ Kxe6 28. Rxf2 Be4 29. Re2 Kd5 30. Rg4 Bf3 31. Rxc4 Bxe2 32. Rh4 Bf6 33.
Rxh7 Bg4 34. Bb6 Bf5 35. Ba5 Nb8 36. Be1 Nc6 37. Kc1 Nd4 38. c3 Nf3 39. Bd2 Ne5
40. Rh6 Kc4 41. h4 Nf3 42. h5 Nxd2 43. hxg6 Ne4 0-1

[Event "Benidorm 2003 - sub2300"]
[Site "Benidorm ESP"]
[Date "2003.11.22"]
[Round "2.68"]
[White "Monmeneu Chulia, Victor"]
[Black "Andres Julia, Vicente Ramon"]
[Result "1-0"]
[WhiteElo "2133"]
[BlackElo "2047"]
[PlyCount "63"]
[EventDate "2003.11.21"]
[EventType "swiss"]
[EventRounds "9"]
[EventCountry "ESP"]
[Source "lmi"]
[SourceDate "2003.11.21"]

1. e4 d5 2. Nc3 dxe4 3. Nxe4 Qd5 4. Nc3 Qa5 5. Bc4 Nf6 6. d3 Bg4 7. f3 Bh5 8.
Bd2 c6 9. Qe2 Qc7 10. O-O-O e6 11. g4 Bg6 12. f4 Be7 13. Re1 h5 14. f5 exf5 15.
g5 Ng8 16. Nh3 Nd7 17. Bf4 Qd8 18. d4 Nb6 19. Bb3 Kf8 20. d5 Bd6 21. Bxd6+ Qxd6
22. dxc6 bxc6 23. Rd1 Qc7 24. Qf3 Ne7 25. Nf4 Rc8 26. Rhe1 c5 27. Be6 Rd8 28.
Rxd8+ Qxd8 29. Nxg6+ fxg6 30. Rd1 Qc7 31. Nb5 Qb8 32. Qb7 1-0

[Event "Benidorm 2003 - sub2300"]
[Site "Benidorm ESP"]
[Date "2003.11.22"]
[Round "2.70"]
[White "Torras Campdelacreu, Xavier"]
[Black "Martin Blanco, Fernando"]
[Result "0-1"]
[WhiteElo "2052"]
[BlackElo "2128"]
[PlyCount "158"]
[EventDate "2003.11.21"]
[EventType "swiss"]
[EventRounds "9"]
[EventCountry "ESP"]
[Source "lmi"]
[SourceDate "2003.11.21"]

1. d4 Nf6 2. c4 g6 3. Nf3 Bg7 4. Nc3 d5 5. e3 O-O 6. Be2 c5 7. O-O cxd4 8. exd4
Nc6 9. Bf4 Nh5 10. Be3 e6 11. Qd2 dxc4 12. Bxc4 b6 13. Rfd1 Bb7 14. Qe2 Ne7 15.
Bg5 h6 16. Bxe7 Qxe7 17. d5 Nf4 18. Qe3 Qc7 19. dxe6 Qxc4 20. e7 Rfe8 21. Rd7
Bc6 22. Rc7 Ne6 23. Nd2 Qf4 24. Qxf4 Nxf4 25. Rxc6 Rxe7 26. Nf3 Nd3 27. b3 Nb4
28. Rc4 b5 29. Rc5 Nd3 30. Rc6 b4 31. Nd5 Re2 32. Rf1 Rae8 33. Ne3 Rxa2 34. Rd6
Nc5 35. Rb1 Ne4 36. Rd7 a5 37. Nc4 Nc5 38. Nd6 Nxd7 39. Nxe8 Bc3 40. g3 Kf8 41.
Nd6 Nc5 42. Nc4 a4 43. bxa4 Rxa4 44. Nb6 Ra1 45. Rxa1 Bxa1 46. Nd2 Bd4 47. Kf1
b3 48. Nd5 f5 49. f3 Kf7 50. Ke2 g5 51. Nc7 h5 52. h3 Be5 53. Nb5 Ke6 54. f4
gxf4 55. gxf4 Bg7 56. Nc7+ Kd7 57. Nd5 b2 58. Ne3 Ke6 59. Kf3 Ne4 60. Nb1 Nc3
61. Nd2 b1=Q 62. Nxb1 Nxb1 63. Kg3 Bf6 64. Kf3 Nd2+ 65. Ke2 Ne4 66. Kf3 h4 67.
Nc4 Bd4 68. Na3 Kd5 69. Nc2 Bf2 70. Nb4+ Kc4 71. Nc6 Bg3 72. Ne7 Nd6 73. Ng6
Kd4 74. Ne7 Kd3 75. Nd5 Ne4 76. Ne7 Nd2+ 77. Kg2 Ke4 78. Ng6 Nc4 79. Kf1 Ne3+
0-1

[Event "Benidorm 2003 - sub2300"]
[Site "Benidorm ESP"]
[Date "2003.11.22"]
[Round "2.71"]
[White "Moreno de la Fuente, Jose A"]
[Black "Costa Costa, Enrique"]
[Result "1-0"]
[WhiteElo "2128"]
[BlackElo "2035"]
[PlyCount "57"]
[EventDate "2003.11.21"]
[EventType "swiss"]
[EventRounds "9"]
[EventCountry "ESP"]
[Source "lmi"]
[SourceDate "2003.11.21"]

1. e4 e5 2. Nf3 d6 3. d3 Be7 4. c3 c6 5. g3 Bg4 6. Bg2 Na6 7. h3 Bxf3 8. Qxf3
Bg5 9. Nd2 Ne7 10. h4 Bh6 11. Nc4 Bxc1 12. Rxc1 O-O 13. Bh3 f5 14. exf5 b5 15.
Nd2 d5 16. O-O Qd6 17. Rce1 Rae8 18. Qh5 Nc5 19. Re3 Nd7 20. Rfe1 Qf6 21. f4
exf4 22. Re6 Qf7 23. Qe2 Nc5 24. Rxe7 Rxe7 25. Qxe7 Nxd3 26. Qxf7+ Kxf7 27. Re6
Rc8 28. Nf3 fxg3 29. Ne5+ 1-0

[Event "Benidorm 2003 - sub2300"]
[Site "Benidorm ESP"]
[Date "2003.11.22"]
[Round "2.72"]
[White "Pla Ferreres, Ismael"]
[Black "Vicente Torrecillas, Fran"]
[Result "0-1"]
[WhiteElo "2046"]
[BlackElo "2128"]
[PlyCount "126"]
[EventDate "2003.11.21"]
[EventType "swiss"]
[EventRounds "9"]
[EventCountry "ESP"]
[Source "lmi"]
[SourceDate "2003.11.21"]

1. e4 d6 2. d4 Nf6 3. Nc3 g6 4. Bd3 Bg7 5. Nf3 O-O 6. O-O c6 7. e5 Nd5 8. Nxd5
cxd5 9. Bf4 dxe5 10. dxe5 Nc6 11. Qd2 Bg4 12. Rfe1 Bxf3 13. gxf3 Nd4 14. Kg2
Ne6 15. Bh6 Rc8 16. Bxg7 Kxg7 17. f4 Nc5 18. h4 e6 19. Rh1 h5 20. Be2 Ne4 21.
Qd1 Qb6 22. Rf1 Qxb2 23. Bd3 Nc3 24. Qf3 Qb6 25. Rg1 Qc6 26. Kh2 Ne4 27. Qxh5
Rh8 28. Qg4 Rxh4+ 29. Qxh4 Rh8 30. Qxh8+ Kxh8 31. Rg2 Qc5 32. Rag1 Nxf2 33.
Bxg6 Qe3 34. Rg3 Qxf4 35. Bd3 Ng4+ 36. Kh3 f5 37. exf6 Nxf6 38. Rh1 Nh5 39. Rg4
Qf3+ 40. Kh4 Qxh1+ 41. Kg5 Kg7 42. Rh4 Qg1+ 43. Kxh5 Kf6 44. Rg4 Qh2+ 45. Rh4
Qg3 46. Rg4 Qf3 47. Kh4 Ke7 48. Rg3 Qf2 49. Kh3 e5 50. Rg2 Qf3+ 51. Kh2 e4 52.
Be2 Qf4+ 53. Kh3 Kd6 54. a4 d4 55. a5 Qe3+ 56. Kh2 d3 57. cxd3 exd3 58. Bd1 b5
59. Bg4 Qf4+ 60. Kg1 d2 61. Be2 Qe3+ 62. Kf1 b4 63. Rg4 b3 0-1

[Event "Benidorm 2003 - sub2300"]
[Site "Benidorm ESP"]
[Date "2003.11.22"]
[Round "2.73"]
[White "Milla de Marco, Carlos"]
[Black "Perez Cameselle, Francisco"]
[Result "1-0"]
[WhiteElo "2123"]
[BlackElo "2034"]
[PlyCount "50"]
[EventDate "2003.11.21"]
[EventType "swiss"]
[EventRounds "9"]
[EventCountry "ESP"]
[Source "lmi"]
[SourceDate "2003.11.21"]

1. e4 c5 2. Nc3 Nc6 3. g3 g6 4. Bg2 Bg7 5. d3 d6 6. Be3 e6 7. Qd2 Nf6 8. h3 O-O
9. Nge2 Rb8 10. O-O b5 11. f4 b4 12. Nd1 Qc7 13. g4 Nd7 14. f5 Re8 15. Bh6 Qd8
16. Bxg7 Kxg7 17. Ng3 Bb7 18. Ne3 Rf8 19. Rf2 Qh4 20. Ne2 Nde5 21. Raf1 Nd4 22.
Nf4 exf5 23. gxf5 gxf5 24. c3 bxc3 25. bxc3 Ne6 1-0

[Event "Benidorm 2003 - sub2300"]
[Site "Benidorm ESP"]
[Date "2003.11.22"]
[Round "2.74"]
[White "Vazquez Gonzalez, Francisco"]
[Black "Algaba Traspuesto, Jose Antonio"]
[Result "1/2-1/2"]
[WhiteElo "2123"]
[BlackElo "2028"]
[PlyCount "40"]
[EventDate "2003.11.21"]
[EventType "swiss"]
[EventRounds "9"]
[EventCountry "ESP"]
[Source "lmi"]
[SourceDate "2003.11.21"]

1. e4 d5 2. exd5 Nf6 3. d4 Bg4 4. Be2 Bxe2 5. Qxe2 Qxd5 6. Nf3 Nc6 7. c4 Qe4 8.
Be3 e6 9. O-O Be7 10. Nc3 Qf5 11. a3 O-O 12. Rad1 Rfd8 13. h3 a6 14. b4 Ne4 15.
Nxe4 Qxe4 16. Qd3 Qxd3 17. Rxd3 e5 18. Rdd1 exd4 19. Nxd4 Nxd4 20. Bxd4 Rd7
1/2-1/2

[Event "Benidorm 2003 - sub2300"]
[Site "Benidorm ESP"]
[Date "2003.11.22"]
[Round "2.75"]
[White "Reves Balleste, Jose"]
[Black "Larios Crespo, Manuel"]
[Result "1/2-1/2"]
[WhiteElo "2045"]
[BlackElo "2122"]
[PlyCount "135"]
[EventDate "2003.11.21"]
[EventType "swiss"]
[EventRounds "9"]
[EventCountry "ESP"]
[Source "lmi"]
[SourceDate "2003.11.21"]

1. e4 c5 2. c4 Nc6 3. Nc3 Nf6 4. d3 e6 5. f4 d5 6. e5 d4 7. Nb1 Nd7 8. Nf3 f6
9. Qe2 fxe5 10. fxe5 Qc7 11. Bf4 g6 12. Na3 a6 13. O-O-O Bg7 14. Re1 O-O 15. g3
Rb8 16. h4 Re8 17. h5 b5 18. hxg6 hxg6 19. Bg2 b4 20. Nb1 Bb7 21. Rh2 Ne7 22.
g4 Bxf3 23. Bxf3 Rf8 24. Bg3 b3 25. a3 Bxe5 26. Bxe5 Qxe5 27. Qxe5 Nxe5 28.
Rxe5 Rxf3 29. Nd2 Re3 30. Re2 Rxe2 31. Rxe2 Kf7 32. Re5 a5 33. a4 Nc6 34. Rxc5
Rh8 35. Nxb3 Rh1+ 36. Kd2 Rh2+ 37. Kd1 Rxb2 38. Nxa5 Nb4 39. g5 Nxd3 40. Rc7+
Kf8 41. Nc6 e5 42. a5 Ra2 43. Rb7 e4 44. Nxd4 e3 45. Nc2 Nb2+ 46. Rxb2 Rxb2 47.
Nxe3 Ra2 48. Kc1 Rxa5 49. Kc2 Rxg5 50. Kc3 Ke7 51. Kd4 Kd6 52. Ke4 Re5+ 53. Kf4
g5+ 54. Kf3 Kc5 55. Ng4 Rf5+ 56. Kg3 Kd4 57. Nh6 Rf4 58. Ng4 Kxc4 59. Ne5+ Kd4
60. Nf3+ Ke3 61. Nxg5 Rf6 62. Kg4 Rg6 63. Kf5 Ra6 64. Kg4 Rf6 65. Kg3 Rf1 66.
Kg4 Rf4+ 67. Kg3 Rf1 68. Nh3 1/2-1/2

[Event "Benidorm 2003 - sub2300"]
[Site "Benidorm ESP"]
[Date "2003.11.22"]
[Round "2.76"]
[White "Perez Aleman, Pedro Tomas"]
[Black "Hernandez Garcia, Maximo"]
[Result "1-0"]
[WhiteElo "2118"]
[BlackElo "2015"]
[PlyCount "127"]
[EventDate "2003.11.21"]
[EventType "swiss"]
[EventRounds "9"]
[EventCountry "ESP"]
[Source "lmi"]
[SourceDate "2003.11.21"]

1. Nf3 Nf6 2. c4 g6 3. Nc3 Bg7 4. e4 d6 5. d4 O-O 6. Be2 Nc6 7. O-O e5 8. d5
Ne7 9. b4 Nd7 10. Be3 h6 11. Ne1 f5 12. f3 f4 13. Bf2 g5 14. c5 Nf6 15. Rc1
dxc5 16. bxc5 Ng6 17. Nb5 a6 18. Na3 h5 19. Nc4 g4 20. Nd3 Qe8 21. d6 c6 22.
Nb6 Rb8 23. Nxc8 Rxc8 24. Nb2 Bh6 25. Be1 Kh8 26. Nc4 h4 27. Bc3 h3 28. Nxe5
Nxe5 29. Bxe5 Qe6 30. Qd4 Bg7 31. Bc4 Qd7 32. Qf2 hxg2 33. Qxg2 Rce8 34. Ba1
gxf3 35. Rxf3 Nh7 36. Qh3 Qd8 37. Kh1 Bxa1 38. Rxa1 Qf6 39. Rg1 Re5 40. Qd7 Rg5
41. Rh3 Rxg1+ 42. Kxg1 Qd4+ 43. Kg2 Qxe4+ 44. Kf2 Qc2+ 45. Kf3 Qd1+ 46. Ke4
Qe1+ 47. Kd4 Qd2+ 48. Bd3 Qb4+ 49. Bc4 Qb2+ 50. Ke4 Qg2+ 51. Kd3 Qf1+ 52. Kd2
Qg2+ 53. Kc1 Qg1+ 54. Kc2 Qg2+ 55. Kc1 Qg1+ 56. Kb2 Qg7+ 57. Qxg7+ Kxg7 58. Rb3
Rb8 59. Bxa6 Kf6 60. Rxb7 Rxb7+ 61. Bxb7 f3 62. Bxc6 f2 63. Bb5 Nf8 64. c6 1-0

[Event "Benidorm 2003 - sub2300"]
[Site "Benidorm ESP"]
[Date "2003.11.22"]
[Round "2.78"]
[White "Ferrer Berenguer, Ligorio"]
[Black "Llasera Brufau, Joan"]
[Result "1-0"]
[WhiteElo "2112"]
[BlackElo "2007"]
[PlyCount "77"]
[EventDate "2003.11.21"]
[EventType "swiss"]
[EventRounds "9"]
[EventCountry "ESP"]
[Source "lmi"]
[SourceDate "2003.11.21"]

1. e4 c6 2. d4 d5 3. exd5 cxd5 4. c4 Nf6 5. Nc3 Nc6 6. Bg5 dxc4 7. d5 Ne5 8.
Qd4 Nd3+ 9. Bxd3 cxd3 10. Nf3 h6 11. Bxf6 gxf6 12. O-O Bg7 13. Qxd3 O-O 14. h3
Qb6 15. Rfe1 e5 16. Re2 Bd7 17. Nh4 Rad8 18. Qf3 a6 19. Rd1 Rfe8 20. Ne4 Bb5
21. Red2 Bd7 22. Re1 Kh8 23. Ng3 Qb4 24. Ne4 Bb5 25. a3 Qa5 26. b4 Qb6 27. Nf5
Rg8 28. Qh5 Kh7 29. Re3 Bd7 30. Rg3 Bxf5 31. Qxf5+ Kh8 32. d6 Qc6 33. Nxf6 Qc1+
34. Kh2 Bxf6 35. Qxf6+ Kh7 36. Qxf7+ Kh8 37. Qf6+ Kh7 38. Qf5+ Kh8 39. Qxe5+
1-0

[Event "Benidorm 2003 - sub2300"]
[Site "Benidorm ESP"]
[Date "2003.11.22"]
[Round "2.79"]
[White "Fernandez Garcia, Ignacio"]
[Black "Lloret Climent, Miguel"]
[Result "1-0"]
[WhiteElo "2006"]
[BlackElo "2112"]
[PlyCount "85"]
[EventDate "2003.11.21"]
[EventType "swiss"]
[EventRounds "9"]
[EventCountry "ESP"]
[Source "lmi"]
[SourceDate "2003.11.21"]

1. e4 c5 2. Nc3 Nc6 3. f4 e6 4. Nf3 Nge7 5. Ne2 d6 6. d3 g6 7. c3 Bg7 8. Ng3
O-O 9. h4 h5 10. Be2 b5 11. Ng5 f6 12. Nh3 d5 13. Bd2 dxe4 14. dxe4 b4 15. Qc2
Bb7 16. Bc4 Bc8 17. f5 Na5 18. cxb4 Nxc4 19. Qxc4 Qd4 20. Qxd4 cxd4 21. fxg6
Nxg6 22. Nxh5 Bh8 23. N3f4 Ne5 24. Rh3 Kf7 25. Nd3 Ng4 26. Rf3 Bb7 27. Nc5 Bc6
28. Rg3 Ne5 29. Nf4 Rfe8 30. O-O-O Rac8 31. Kb1 Bg7 32. Nfxe6 Bxe4+ 33. Ka1 Bh8
34. Nxe4 Rxe6 35. Rc1 Rec6 36. a3 Rc2 37. Nd6+ Ke6 38. Nxc8 Rxd2 39. Rg8 Nc4
40. Rb1 d3 41. Rxh8 Rc2 42. Rd8 d2 43. Nxa7 1-0

[Event "Benidorm 2003 - sub2300"]
[Site "Benidorm ESP"]
[Date "2003.11.22"]
[Round "2.82"]
[White "De Lagontrie, Jean"]
[Black "Insa Alfonso, Pablo"]
[Result "1-0"]
[WhiteElo "1993"]
[BlackElo "2105"]
[PlyCount "41"]
[EventDate "2003.11.21"]
[EventType "swiss"]
[EventRounds "9"]
[EventCountry "ESP"]
[Source "lmi"]
[SourceDate "2003.11.21"]

1. d4 f5 2. e4 fxe4 3. Nc3 Nf6 4. Bg5 e6 5. Bxf6 Qxf6 6. Nxe4 Qg6 7. Bd3 Qxg2
8. Qh5+ g6 9. Qe5 Qxh1 10. Qxh8 Qxg1+ 11. Kd2 Qxa1 12. Nf6+ Ke7 13. Nd5+ exd5
14. Qxh7+ Kf6 15. Qxg6+ Ke7 16. Qg5+ Kf7 17. Bg6+ Kg8 18. Qxd5+ Kg7 19. Qf7+
Kh6 20. Qh7+ Kg5 21. f4+ 1-0